| 000 | 00455nam a22001457a 4500 | ||
|---|---|---|---|
| 020 | _qHard Cover. | ||
| 082 | _a510 | ||
| 245 |
_aComputations of Topological Invariants of Some Types of Dendrimers _cSarfraz, Rabia. |
||
| 260 |
_aIslamabad: _bSNS - NUST, _c2018. |
||
| 300 |
_a50 p.: ill.; _c30cm. |
||
| 650 |
_aMathematics-MS-Thesis. _916139 |
||
| 700 |
_aDr. Muhammad Ishaq _917132 |
||
| 942 |
_2ddc _cTHE |
||
| 999 |
_c530770 _d530770 |
||